000 00571nam a2200193Ia 4500
003 OSt
005 20220926041327.0
006 a|||||r|||| 00| 0
007 ta
008 220923b |||||||| |||| 00| 0 eng d
037 _cGeneral Book
040 _aRTL
_cRTL
_beng
041 _2eng
_aeng
082 _aY:5.2sN61, L4.1-V-B(iv)
245 0 _aCENSUS OF India, 1971
490 _vV 1: India. Ethnographic study no.13 Pt.V-B (iv) Buksa Scheduled Tribe in Uttar Pradesh
942 _hY:5.2sN61, L4.1-V-B(iv)
_cGB
_2CC
999 _c666944
_d666944